000 00516nam a2200181Ia 4500
008 090124s9999 xx 000 0 und d
082 _b121984
100 _aगडकर जयश्री
245 _a अशी मी जयश्री
250 _a1
260 _c1986
300 _a227
600 _aगडकर जयश्री
630 _a अशी मी जयश्री
700 _aगडकर जयश्री
730 _a अशी मी जयश्री
942 _cBOOK
999 _c168070
_d168070